000 01266nam2a22002891 4500
001 rc\4581001
005 20130416191246.7
035 _a(NLR Aleph) 008379062
090 _a9106081
_c9106081
100 _a20130416d1987 |||y0rusy50 ca
101 0 _arus
102 _aRU
105 _ac z |||||
200 1 _aКандил Шарипович Джураев [географ]
_fАН ТаджССР, Центр. науч. б-ка им. Индиры Ганди
_gСост. М.Ф. Шариповой
_gОтв. ред. акад. АН ТаджССР С.А. Раджабов
_gВступ. ст. к. г. н. М.Ю. Мамаджановой
210 _d1987
215 _a35 с.
_cпортр.
461 0 _1001rc\4580974
_12001#$aМатериалы к биобиблиографии ученых Таджикистана$eВып. 1-$fАкад. наук Таджик. ССР. Центр. науч. б-ка$vВып. 35
702 1 _aРаджабов
_bС. А.
_4340
702 1 _aМамаджанова
_bМ. Ю.
_4080
702 1 _aШарипова
_bМ. Ф.
_4220
702 1 _aДжураев
_bК. Ш.
_gКандил Шарипович
_4570
801 0 _aRU
_bNLR
_gpsbo
801 1 _aRU
_bELAR
_2rusmarc
852 _aNLR
_bОНЛ
942 _cBOOK
980 _aNB